000 00549nam a2200229Ia 4500
003 OSt
005 20220924150916.0
006 a|||||r|||| 00| 0
007 ta
008 220923b |||||||| |||| 00| 0 tel d
024 _a335155
037 _cTextual
040 _aARTS
_cARTS
_btel
041 _2tel
_atel
082 _aO35,3N333,1, M0
100 _aSai
_9223196
245 0 _aInapa charalu
260 _c1980
650 _aTELUGU FICTION
942 _hO35,3N333,1, M0
_cTEXL
_2CC
999 _c464945
_d464945